| 000 | 01296nam a2200325 a 4500 | ||
|---|---|---|---|
| 999 |
_c392504 _d392504 |
||
| 003 | BLK | ||
| 005 | 20250725095716.0 | ||
| 008 | 180412b bul|||||r ||||||| ||bul|| | ||
| 020 | _a9786197279283 | ||
| 040 | _aBLK | ||
| 041 |
_aBUL _cBUL |
||
| 080 |
_aРуска литература _b821.161.1 _x-31 _z821.161.1-31 |
||
| 100 | 1 |
_aСуворов, Виктор _eпърви автор _gРезун, Владимир Богданович _9254917 |
|
| 139 |
_aСуворов, Виктор _bС 89 |
||
| 245 | 1 | 0 |
_aСвободен полет _bРоман _cВиктор Суворов; прев. от рус. Иван Тотоманов; Владимир Богданович Резун. |
| 257 | _aRUS | ||
| 260 |
_aСофия _bФакел Експрес _c2020 |
||
| 300 |
_a384 с. _c21 см |
||
| 380 | _aX | ||
| 500 | _aВиктор Суворов - псевд. на В. Б. Резун. | ||
| 700 |
_a Тотоманов, Иван Димитров, 1953 - _9367882 |
||
| 700 | 1 |
_aРезун, Владимир Богданович _9255554 |
|
| 852 |
_bП _c882-31/С 89 В |
||
| 852 |
_bЦб _aЦб 307486 |
||
| 856 | 4 |
_qpdf _u |
|
| 942 |
_cKNG _n0 _036 _s1 |
||
| 944 |
_aCR _c2021-06-04 _k30530 _lМинев Младен |
||
| 944 |
_aED _c2021-06-04 _kГГГ |
||
| 999 | _d392504 | ||